| 000 | 00397cam a2200157ua 4500 | ||
|---|---|---|---|
| 041 |
_aeng _h |
||
| 082 |
_a823.308 _bSTE/DR |
||
| 100 | _aStevenson, Robert Louis . | ||
| 245 |
_aDr Jekyll and Mr Hyde / _cRobert Louis Stevenson. _hTextual Documents |
||
| 260 |
_a : _bGeoftrey Cumberleye , _c1953. |
||
| 300 | _a82 ; . | ||
| 504 | _a | ||
| 942 | _cBK | ||
| 999 |
_c991 _d991 |
||